Từ điển tri thức lịch sử phổ thông thế kỷ XX

में बचाया:
ग्रंथसूची विवरण
मुख्य लेखक: Phan Ngọc Liên
स्वरूप: पुस्तक
भाषा:Undetermined
प्रकाशित: H. ĐHQG 2003
विषय:
टैग : टैग जोड़ें
कोई टैग नहीं, इस रिकॉर्ड को टैग करने वाले पहले व्यक्ति बनें!
Thư viện lưu trữ: Trung tâm Học liệu Trường Đại học Cần Thơ
LEADER 00531nam a2200193Ia 4500
001 CTU_54777
008 210402s9999 xx 000 0 und d
020 |b 130000 
082 |a 903 
082 |b L305 
100 |a Phan Ngọc Liên 
245 0 |a Từ điển tri thức lịch sử phổ thông thế kỷ XX 
245 0 |c Phan Ngọc Liên 
260 |a H. 
260 |b ĐHQG 
260 |c 2003 
650 |a world history 
650 |x dictionaries 
980 |a Trung tâm Học liệu Trường Đại học Cần Thơ